| 000 | 00558nam a2200181Ia 4500 | ||
|---|---|---|---|
| 008 | 151018s9999 xx 000 0 und d | ||
| 082 |
_bRBASDV44721 _a920 |
||
| 100 | _aबर्च बेव्हली | ||
| 245 | _aलुइ पाश्चर | ||
| 250 | _b1 | ||
| 260 |
_bओरीयंट लॉगमन लि _c2007 |
||
| 300 | _a68 | ||
| 600 | _aबर्च बेव्हली | ||
| 630 | _aलुइ पाश्चर | ||
| 700 | _aबर्च बेव्हली | ||
| 730 | _aलुइ पाश्चर | ||
| 942 | _cBOOK | ||
| 999 |
_c1043918 _d1043915 |
||